Online
Catalog

Intervenidos / (Record no. 13193)

MARC details
000 -CABECERA
campo de control de longitud fija 00586nam a2200193 a 4500
001 - NÚMERO DE CONTROL
campo de control 000013572
005 - FECHA Y HORA DE LA ÚLTIMA TRANSACCIÓN
campo de control 20200929163256.0
008 - DATOS DE LONGITUD FIJA--INFORMACIÓN GENERAL
campo de control de longitud fija 091125s2003 pr 001 p spa d
020 ## - NÚMERO INTERNACIONAL ESTÁNDAR DEL LIBRO
ISBN cancelado o inválido 0565815801
040 ## - FUENTE DE LA CATALOGACIÓN
Centro catalogador/agencia de origen DO-SdBNP
Lengua de catalogación spa
Centro/agencia transcriptor BNPHU
082 ## - NÚMERO DE LA CLASIFICACIÓN DECIMAL DEWEY
Número de clasificación PR861.44
Número de documento/Ítem R621i
049 ## - FONDOS LOCALES (OCLC)
Fondos de biblioteca BNGR
100 1# - ENTRADA PRINCIPAL--NOMBRE DE PERSONA
Nombre de persona Rivera, Etnairis,
Fechas asociadas al nombre 1949-
9 (RLIN) 14411
245 10 - MENCIÓN DE TÍTULO
Título Intervenidos /
Mención de responsabilidad, etc. Etnairis Rivera.
260 ## - PUBLICACIÓN, DISTRIBUCIÓN, ETC.
Lugar de publicación, distribución, etc. Puerto Rico :
Nombre del editor, distribuidor, etc. Instituto de Cultura Puertorriqueña,
Fecha de publicación, distribución, etc. 2003.
300 ## - DESCRIPCIÓN FÍSICA
Extensión 65 p. ;
Dimensiones 21 cm.
650 #4 - PUNTO DE ACCESO ADICIONAL DE MATERIA--TÉRMINO DE MATERIA
Término de materia o nombre geográfico como elemento de entrada Poesía puertorriqueña
9 (RLIN) 1015
650 #4 - PUNTO DE ACCESO ADICIONAL DE MATERIA--TÉRMINO DE MATERIA
Término de materia o nombre geográfico como elemento de entrada Literatura puertorriqueña
Subdivisión cronológica SIGLO XX
9 (RLIN) 5311
Holdings
Estado de retiro Estado de pérdida Restricciones de uso No para préstamo Código de colección Localización permanente Ubicación/localización actual Ubicación en estantería Fecha de adquisición Número de inventario Total de préstamos Signatura topográfica completa Código de barras Fecha visto por última vez Precio válido a partir de Tipo de ítem Koha Número de copia
    Préstamo interno   Monografías: Libros y Folletos General General En catalogación 25.11.2009 LF1   PR861.44 R621i 13572-10 25.06.2020 25.06.2020 Préstamo interno  
    Préstamo restringido Préstamo restrigido Monografías: Libros y Folletos General General En catalogación 25.11.2009 LF1   PR861.44 R621i 13572-20 25.06.2020 25.06.2020 Préstamo interno e. 2
    Préstamo interno   Monografías: Libros y Folletos General General En catalogación 14.09.2010 LF1   PR861.44 R621i 13572-30 25.06.2020 25.06.2020 Préstamo interno e. 3

Powered by Koha